000
00188 a2200097 4500
020
_a
9780439161657
041
_a
spa
100
_a
Lorraine Jean Hopping
245
_a
Relanpagos
942
_c
K
999
_c
26102
_d
26102